000 00969nam a2200373Ia 4500
001 4614
005 20240113233748.0
007 ta
008 050613s1987 g b000 u asm u
020 _cRs. 20.00 (HB)
040 _aCotton College,Assam
041 _aasm
082 _a891.4109
_bB 23 Sa
100 _aBordoloi, Nirmalprabha .
245 0 _aSahitya Aru Sanskriti /
_cNirmalprabha Bordoloi.
_hTextual Documents
250 _a1st ed. /
260 _aGuwahati :
_bDeco Publications ,
_c1987.
300 _a115p. ;
_c21cm.
365 _aRs. 20.00
653 _aAssamese Literature-Criticism
653 _aAssamese Essays-Criticism
653 _aAssamese Culture
653 _aPG-Assamese
653 _aMS-Assamese
653 _aG-Assamese
942 _2ddc
_cBK
999 _c4601
_d4601